000
00333nam a22001457a 4500
005
20180412155005.0
008
160624b xxu||||| |||| 00| 0 eng d
041
_a
eng
082
_b
9775
_a
348
245
_a
The Industrial Disputes Act, 1947
260
_b
Currents
_c
2009
300
_a
120
650
_a
Management
_9
241
942
_c
BK
999
_c
3806
_d
3805